| 000 | 00849cam a2200277 i 4500 | ||
|---|---|---|---|
| 001 | 4628011 | ||
| 003 | NUST - PNEC | ||
| 005 | 20170116181044.0 | ||
| 008 | 780920s1979 nyua 001 0 eng | ||
| 010 | _a 78011102 | ||
| 020 | _a0070634955 | ||
| 040 | _cLIBRARY | ||
| 082 | 0 | 0 | _a621.38 TEM |
| 100 | 1 | _aTemes, Lloyd. | |
| 245 | 1 | 0 |
_aSchaum's outline of theory and problems of electronic communication / _cLloyd Temes. |
| 260 |
_aNew York : _bMcGraw-Hill, _cc1979. |
||
| 300 |
_a138 p. : _bill. ; _c28 cm. |
||
| 490 | 0 | _aSchaum outline series | |
| 500 | _aCover title: Theory and problems of electronic communication. | ||
| 500 | _aIncludes index. | ||
| 650 | 0 | _aTelecommunication. | |
| 650 | 0 | _aElectronics. | |
| 740 | _aElectronic communication. | ||
| 740 | 0 | _aTheory and problems of electronic communication. | |
| 942 |
_2ddc _cBK |
||
| 999 |
_c68177 _d68177 |
||